000
00256nam a2200097Ia 4500
082
_a
J 599.742 CIOV
245
0
_a
Meerkats
100
_a
Ciovacco, Justine Pleasantville, NY, 2009
_9
95445
942
_c
BK
008
210817s9999 xx 000 0 und d
999
_c
396050
_d
396049